000 00478nam a2200169 a 4500
005 20240305063710.0
008 991125s1940 mx 000 0 spa u
035 _aUPN01000008282
049 _aLT
050 4 _aLB1643 M6
_bC58
245 0 0 _aCivismo :
_blecturas de orientación social.
260 _aMéxico :
_bEl Nacional,
_c1940.
300 _a396 p.
440 0 _aBiblioteca del maestro ;
_v21
650 4 _aCivismo
_xEstudio y enseñanza (Secundaria)
_91512
905 _aLibro
999 _c8282
_d8282